Statystyki dla Losowe miasta w Polsce

Kliknij tutaj aby rozwiązać quiz!

Ogólne statystyki

  • Ten quiz został rozwiązany 149 razy
  • Średni wynik to 11 z 20

Odpowiedzi na mapie

Odpowiedzi skodowane kolorowo w zielono-czerwonej skali na mapie do tego quizu, zgodnie z poniższymi procentami.
 

Statystyki odpowiedzi

Odpowiedź% Poprawnych
Radom
76%
Częstochowa
75%
Chełm
64%
Kłodzko
64%
Police
64%
Zgorzelec
64%
Jasło
60%
Lidzbark Warmiński
60%
Świebodzin
60%
Białogard
54%
Jaworzno
53%
Sokółka
52%
Końskie
48%
Kętrzyn
47%
Krotoszyn
45%
Sierpc
44%
Brodnica
42%
Proszowice
41%
Łochów
35%
Wieruszów
33%

Rozkład punktacji

Percentyl według liczby udzielonych odpowiedzi

Procent ludzi z każdym wynikiem

Twoja historia wyników

Nie rozwiązałeś tego quizu